Od programu Phare k štrukturálnym fondom Európskej únie
Pokračovanie z HN č. 94/01. Národný program Phare 2001. Opatrenia oprávnené na financovanie z programu Phare na rok 2001. Pokračovanie v ďalšom čísle.
Enregistré dans:
| Format: | Chapitre de livre |
|---|---|
| Langue: | slovaque |
| Sujets: | |
| Tags: |
Pas de tags, Soyez le premier à ajouter un tag!
|
MARC
| LEADER | 00000naa a2200000 4500 | ||
|---|---|---|---|
| 001 | r041672 | ||
| 005 | 20230801100053.6 | ||
| 041 | 0 | |a slo | |
| 044 | |a SK | ||
| 245 | 1 | 0 | |a Od programu Phare k štrukturálnym fondom Európskej únie |
| 520 | |a Pokračovanie z HN č. 94/01. Národný program Phare 2001. Opatrenia oprávnené na financovanie z programu Phare na rok 2001. Pokračovanie v ďalšom čísle. | ||
| 610 | 2 | 0 | |a spolupráca cezhraničná |
| 610 | 2 | 0 | |a spolupráca hospodárska medzinárodná |
| 610 | 2 | 0 | |a Phare |
| 610 | 2 | 0 | |a Slovensko |